000 00711cam a2200277L 4500
001 84253
005 20230411090042.0
008 091212s1972 enk 000 u eng d
035 _a(OCoLC)ocn479678673
040 _aDKDLA
_bdan
_cDKDLA
020 _a0269671072
020 _a9780269671074
029 0 _aDKDLA
_b17978440
035 _a(OCoLC)479678673
084 _aAm
_2z
049 _aGRAL
245 0 0 _aMan, state and society in Latin American history.
260 _aNew York :
_bPraeger Publishers,
_c1972.
300 _a456 s.
500 _aMan, State, and Society.
700 1 _aLiss, Sheldon B.
700 1 _aLiss, Peggy K.
942 _2lcc
_cbk
994 _aC0
_bDRFGD
946 _alrm
999 _c111637
_d111637